000 00939nam a2200217 a 4500
001 000021386
005 20200930011318.0
008 100907s1995 dr ac r 000 0 spa d
040 _aDO-SdBNP
_bspa
_cBNPHU
082 _a352. 48
_bR426p, 1995
110 1 _aRepública Dominicana
_bSecretariado Técnico de la Presidencia
_bOficina Nacional de Presupuesto
_932266
245 1 0 _aPresupuesto de ingresos y ley de gastos públicos del gobierno central 1995.
260 _aSanto Domingo :
_bSecretariado Técnico de la Presidencia,
_c1995.
300 _av. :
_bil., gráf. ;
_c28 cm.
590 _aInventariado, 2018/BT
650 4 _aPresupuesto
_zRepública Dominicana
_97940
651 4 _aRepública Dominicana
_xGastos Presupuestarios Públicos
_y1972
_944645
650 4 _aHacienda pública
_zRepública Dominicana
_96562
650 4 _aPresupuesto
_xLegislación
_zRepública Dominicana
_933735
910 _aValidado. Control de calidad. MMOLINA
999 _c20886
_d20886